000 00420nam a2200145Ia 4500
008 230917s9999||||xx |||||||||||||| ||und||
040 _e173167
_aMAIN
041 _aEnglish
082 _a891.431721 VK135K
100 _aवचनदेव कुमार
245 0 _aकविताएँ धुपछावं की
260 _aदिल्ली
_bकलासिकल
_c1980
300 _a69 p.
942 _cHN
999 _c212878
_d212878